Science Quiz

Random Science or Clickable Quiz

Element Imposters Minefield Quiz Stats

 Plays Quiz Updated Jan 26, 2019

Support Sporcle.
Go Orange.
Score 0/15 Timer 05:00
31 Plays Today
% Correct
???
38.5%
???
37.7%
???
31.8%
???
31.2%
???
29.9%
???
28.7%
???
24.8%
???
24%
% Correct
???
23.5%
???
22.7%
???
22.2%
???
22%
???
21.6%
???
21.5%
???
9.4%

From the Vault

Doctor Who or Dr. Seuss?

by wsdwsd

We wonder what the Whos of Who-ville think about this one...
Remove Ads.
Support Sporcle.
Get the best of Sporcle when you Go Orange. This ad-free experience offers more features, more stats, and more fun while also helping to support Sporcle. Thank you for becoming a member.

Show Comments

Extras

Top Quizzes Today


Score Distribution

Your Account Isn't Verified!

In order to create a playlist on Sporcle, you need to verify the email address you used during registration. Go to your Sporcle Settings to finish the process.

Report this User

Report this user for behavior that violates our Community Guidelines.

Details: